000 00987nam a2200289 a 4500
005 20260322212010.0
008 data
010 _a 95069805
020 _a1878542982
020 _a9781878542984
040 _aDLC
_cDLC
050 0 0 _aHF5381
_b.S577 1995
082 0 0 _a650.14
_220
092 _a650.14 S577 1995
100 1 _aShouse, Deborah,
_d1949-
245 1 0 _aMaking your mark :
_bhow to develop a personal marketing plan for becoming more visible and more appreciated at work /
_cDeborah Shouse.
260 _aMission, KS :
_bSkillpath Publications,
_cc1995.
300 _av, 76 p. :
_bill. ;
_c22 cm.
504 _aIncludes bibliographical references (p. 75-76).
650 0 _aCareer development.
650 0 _aSelf-presentation.
906 _a7
_bcbc
_corignew
_d3
_eopcn
_f19
_gy-gencatlg
922 _aco
991 _bc-GenColl
_hHF5381
_i.S577 1995
_tCopy 1
_wBOOKS
001 data
999 _c205
_d205